000 00516nam a2200205 4500
003 SEACOMMC
005 20231010072400.0
008 231010b |||||||| |||| 00| 0 eng d
020 _cRs. 245.00
040 _aSEACOMMC
082 _a541
_bSUB
100 1 _aSharma, K.K.
245 1 _aA Textbook of Physical Chemistry
_cK.K. Sharma AND L.K. Sharma
250 _a4th rev. ed.
260 _aNew Delhi
_bVikas
_c2005
650 _aChemistry
650 _aPhysical chemistry
700 1 _aSharma, L.K.
942 _cBOOK
999 _c65
_d65